[Event "Guelph Futurity schev"]
[Site "Guelph CAN"]
[Date "2005.07.25"]
[Round "6"]
[White "Noritsyn, Nikolay"]
[Black "Ivanov, Igor V"]
[Result "1-0"]
[WhiteElo "2376"]
[BlackElo "2411"]
[PlyCount "101"]
[GameId "2160767910900630"]
[EventDate "2005.08.07"]
[EventType "schev"]
[EventRounds "10"]
[EventCountry "CAN"]
[SourceTitle "EXT 2007"]
[Source "ChessBase"]
[SourceDate "2006.11.23"]
[SourceVersion "1"]
[SourceVersionDate "2006.11.23"]
[SourceQuality "1"]

1. e4 e5 2. Nf3 Nc6 3. Nc3 Nf6 4. Bb5 Bb4 5. O-O O-O 6. d3 Bxc3 7. bxc3 d6 8. Bg5 Qe7 9. Re1 Nd8 10. d4 Ne6 11. Bc1 c6 12. Bf1 Nc7 13. g3 Re8 14. Bg2 c5 15. Nh4 Bg4 16. f3 Bd7 17. f4 Nb5 18. dxe5 dxe5 19. fxe5 Qxe5 20. Bf4 Qxc3 21. e5 Bg4 22. Qd3 Qxd3 23. cxd3 Nh5 24. Rac1 Nd4 25. Rxc5 Nxf4 26. gxf4 Ne2+ 27. Rxe2 Bxe2 28. d4 Rad8 29. Nf5 Bg4 30. Nd6 Re7 31. h3 b6 32. Rc3 Bh5 33. Nf5 Red7 34. d5 Kf8 35. d6 g5 36. fxg5 Re8 37. Bc6 Rc8 38. Nd4 a6 39. Rc2 Rdd8 40. Rf2 Kg8 41. Kg2 Bg6 42. Kf3 h6 43. Kf4 hxg5+ 44. Kxg5 Kg7 45. Rf6 Rh8 46. Bf3 Rc1 47. Ne6+ Kh7 48. Nf4 Rc5 49. Nxg6 fxg6 50. Re6 Kg7 51. Bg4 1-0

[Event "Guelph Futurity schev"]
[Site "Guelph CAN"]
[Date "2005.07.25"]
[Round "7"]
[White "Ivanov, Igor V"]
[Black "Hamilton, Robert"]
[Result "0-1"]
[WhiteElo "2411"]
[BlackElo "2429"]
[PlyCount "30"]
[GameId "2160767910900636"]
[EventDate "2005.08.07"]
[EventType "schev"]
[EventRounds "10"]
[EventCountry "CAN"]
[SourceTitle "EXT 2007"]
[Source "ChessBase"]
[SourceDate "2006.11.23"]
[SourceVersion "1"]
[SourceVersionDate "2006.11.23"]
[SourceQuality "1"]

1. e4 c5 2. Nf3 e6 3. d4 cxd4 4. Nxd4 a6 5. Nc3 Qc7 6. f4 d6 7. Be3 Nf6 8. g4 Nc6 9. f5 Nd7 10. Qd2 Nxd4 11. Bxd4 b5 12. O-O-O Bb7 13. a3 Nc5 14. Bg2 a5 15. Nxb5 Nb3+ 0-1

[Event "Guelph Futurity schev"]
[Site "Guelph CAN"]
[Date "2005.07.25"]
[Round "8"]
[White "Panjwani, Raja"]
[Black "Ivanov, Igor V"]
[Result "0-1"]
[WhiteElo "2222"]
[BlackElo "2411"]
[PlyCount "100"]
[GameId "2160767910900641"]
[EventDate "2005.08.07"]
[EventType "schev"]
[EventRounds "10"]
[EventCountry "CAN"]
[SourceTitle "EXT 2007"]
[Source "ChessBase"]
[SourceDate "2006.11.23"]
[SourceVersion "1"]
[SourceVersionDate "2006.11.23"]
[SourceQuality "1"]

1. e4 c5 2. Nf3 d6 3. d4 cxd4 4. Nxd4 Nf6 5. Nc3 a6 6. Be2 e6 7. f4 Qc7 8. Bf3 Be7 9. Be3 O-O 10. Qd2 Nc6 11. O-O-O Na5 12. b3 Bd7 13. g4 Rfc8 14. Nce2 d5 15. e5 Ne4 16. Bxe4 dxe4 17. Ng3 Nc6 18. Nxc6 Bxc6 19. Kb1 b5 20. Rhf1 a5 21. f5 Bd5 22. f6 Bb4 23. Qf2 g6 24. Rxd5 exd5 25. e6 Bc3 26. Nf5 gxf5 27. exf7+ Qxf7 28. Qxf5 Re8 29. g5 Re5 30. Qf4 Rae8 31. h4 d4 32. h5 dxe3 33. g6 e2 34. gxf7+ Kxf7 35. Rg1 e1=Q+ 36. Rxe1 Bxe1 37. Qh6 Bb4 38. Qg7+ Ke6 39. c3 Bd6 40. Qxh7 e3 41. Qg6 Kd7 42. Qg4+ Kc7 43. Qg7+ Kc6 44. Qg2+ Kb6 45. Qe2 Kc7 46. c4 b4 47. Kb2 Rf5 48. Qg4 Rf2+ 49. Kc1 e2 50. Qg7+ Kb8 0-1

[Event "Guelph Futurity schev"]
[Site "Guelph CAN"]
[Date "2005.07.25"]
[Round "10"]
[White "Thavandiran, Shiyam"]
[Black "Ivanov, Igor V"]
[Result "0-1"]
[WhiteElo "2257"]
[BlackElo "2411"]
[PlyCount "60"]
[GameId "2160767910900652"]
[EventDate "2005.08.07"]
[EventType "schev"]
[EventRounds "10"]
[EventCountry "CAN"]
[SourceTitle "EXT 2007"]
[Source "ChessBase"]
[SourceDate "2006.11.23"]
[SourceVersion "1"]
[SourceVersionDate "2006.11.23"]
[SourceQuality "1"]

1. e4 d5 2. Nc3 Nf6 3. e5 d4 4. Nce2 Nfd7 5. e6 Nc5 6. exf7+ Kxf7 7. Nf4 g6 8. Nf3 Kg7 9. b4 e5 10. Nxe5 Qg5 11. Qe2 Qxf4 12. bxc5 Nc6 13. Nd3 Qf5 14. Qf3 Qxf3 15. gxf3 Bf5 16. Bb2 Re8+ 17. Kd1 Bxd3 18. Bxd3 Bxc5 19. Re1 Ne5 20. Be4 Nc4 21. Rb1 Nxb2+ 22. Rxb2 b6 23. Ke2 Rhf8 24. Rbb1 Re5 25. Kf1 Rf4 26. Kg2 Rg5+ 27. Kh3 Bd6 28. Rh1 Be7 29. Rhe1 Kh6 30. Bxg6 Rxf3+ 0-1

[Event "Guelph op"]
[Site "Guelph CAN"]
[Date "2005.07.28"]
[Round "1"]
[White "Thavandiran, Shiyam"]
[Black "Ivanov, Igor V"]
[Result "1/2-1/2"]
[WhiteElo "2191"]
[BlackElo "2407"]
[PlyCount "96"]
[GameId "2160767910900871"]
[EventDate "2005.07.28"]
[EventType "swiss"]
[EventRounds "9"]
[EventCountry "CAN"]
[SourceTitle "CBM 107 Extra"]
[Source "ChessBase"]
[SourceDate "2005.09.01"]
[SourceVersion "1"]
[SourceVersionDate "2005.09.01"]
[SourceQuality "1"]

1. e4 c5 2. Nf3 d6 3. d4 cxd4 4. Nxd4 Nf6 5. Nc3 Nc6 6. Bg5 Qb6 7. Be3 Ng4 8. Nd5 Nxe3 9. Nxb6 Nxd1 10. Nxa8 Nxd4 11. Nc7+ Kd8 12. Rxd1 Nxc2+ 13. Kd2 Kxc7 14. Kxc2 Be6 15. Kb1 Kb6 16. Rc1 d5 17. Bd3 g6 18. Rhe1 Bh6 19. Rcd1 d4 20. Re2 Rd8 21. Rc2 Bd7 22. Bc4 Bc6 23. f3 e6 24. b4 a6 25. Rb2 Be3 26. b5 axb5 27. Bxb5 Kc5 28. Bxc6 bxc6 29. Kc2 Ra8 30. Ra1 Kc4 31. Rb3 Ra4 32. Rd3 f5 33. a3 c5 34. Rb1 Ra7 35. Rf1 Rf7 36. exf5 gxf5 37. f4 Ra7 38. Rf3 h5 39. Rfxe3 dxe3 40. Rxe3 Ra6 41. Rd3 h4 42. Kd2 Rb6 43. Kc2 Ra6 44. Kd2 Ra8 45. g3 hxg3 46. hxg3 Rh8 47. Rc3+ Kd4 48. Rd3+ Kc4 1/2-1/2

[Event "Guelph op"]
[Site "Guelph CAN"]
[Date "2005.07.28"]
[Round "2"]
[White "Ivanov, Igor V"]
[Black "Henry, Liam"]
[Result "1-0"]
[WhiteElo "2407"]
[BlackElo "2115"]
[PlyCount "51"]
[GameId "2160767910900879"]
[EventDate "2005.07.28"]
[EventType "swiss"]
[EventRounds "9"]
[EventCountry "CAN"]
[SourceTitle "CBM 107 Extra"]
[Source "ChessBase"]
[SourceDate "2005.09.01"]
[SourceVersion "1"]
[SourceVersionDate "2005.09.01"]
[SourceQuality "1"]

1. Nf3 Nf6 2. c4 g6 3. Nc3 Bg7 4. e4 d6 5. d4 Bg4 6. Be2 Nfd7 7. Be3 O-O 8. Rc1 e5 9. d5 a5 10. O-O Na6 11. Ne1 Bxe2 12. Qxe2 f5 13. f3 f4 14. Bf2 g5 15. Nd3 Rf6 16. a3 Rg6 17. b4 Nf6 18. b5 Nb8 19. c5 g4 20. c6 bxc6 21. dxc6 g3 22. Be1 gxh2+ 23. Kh1 Nh5 24. Nd5 Bh6 25. Qa2 Kg7 26. Qb2 1-0

[Event "Guelph op"]
[Site "Guelph CAN"]
[Date "2005.08.01"]
[Round "9"]
[White "Noritsyn, Nikolay"]
[Black "Ivanov, Igor V"]
[Result "0-1"]
[WhiteElo "2262"]
[BlackElo "2407"]
[PlyCount "110"]
[GameId "2160767910900989"]
[EventDate "2005.07.28"]
[EventType "swiss"]
[EventRounds "9"]
[EventCountry "CAN"]
[SourceTitle "CBM 107 Extra"]
[Source "ChessBase"]
[SourceDate "2005.09.01"]
[SourceVersion "1"]
[SourceVersionDate "2005.09.01"]
[SourceQuality "1"]

1. e4 c5 2. Nf3 Nc6 3. d4 cxd4 4. Nxd4 g6 5. Nc3 Bg7 6. Be3 Nf6 7. Be2 O-O 8. O-O d5 9. Nxc6 bxc6 10. e5 Nd7 11. f4 e6 12. Na4 Nb6 13. Nc5 Qc7 14. Bd4 Rd8 15. Qd2 Nd7 16. Qe3 Nxc5 17. Bxc5 Bf8 18. b4 Bxc5 19. Qxc5 Qb6 20. Rfb1 Ba6 21. Bf3 Rab8 22. a4 Bc4 23. Kf2 Rd7 24. Qxb6 axb6 25. c3 Ra7 26. Ke3 Rba8 27. Bd1 Bb5 28. Ra2 Bxa4 29. Rba1 b5 30. Kd4 Kf8 31. g4 Ke7 32. Be2 h6 33. Bd3 Kd7 34. h4 Kc7 35. Ra3 Kb6 36. Rh1 Rg8 37. Be2 Rc7 38. h5 g5 39. fxg5 Rxg5 40. Rf1 f5 41. gxf5 exf5 42. Raa1 Rcg7 43. e6 Kc7 44. Ke5 f4+ 45. Kf6 Kd6 46. Bd3 Re7 47. Rae1 Bb3 48. Rxf4 Rxh5 49. Bg6 Rh3 50. Bf5 Rg3 51. Ra1 Rg8 52. Re1 Bc2 53. Re2 Rf8+ 54. Kg6 Rxf5 55. Rxf5 Rxe6+ 0-1

[Event "Premiere Neige"]
[Site "Montreal CAN"]
[Date "2002.12.07"]
[Round "2"]
[White "Ivanov, Igor V"]
[Black "Girard, Robin"]
[Result "0-1"]
[WhiteElo "2489"]
[BlackElo "2205"]
[PlyCount "104"]
[GameId "2160767911378088"]
[EventDate "2002.12.06"]
[EventType "swiss"]
[EventRounds "5"]
[EventCountry "CAN"]
[SourceTitle "EXT 2009"]
[Source "ChessBase"]
[SourceDate "2008.11.26"]
[SourceVersion "1"]
[SourceVersionDate "2008.11.26"]
[SourceQuality "1"]

1. Nf3 Nf6 2. c4 g6 3. Nc3 Bg7 4. e4 d6 5. d4 O-O 6. Be2 e5 7. d5 a5 8. Bg5 h6 9. Bh4 Na6 10. O-O Bd7 11. Ne1 Qe8 12. Nd3 Nh7 13. f3 f5 14. Bf2 b6 15. a3 Nc5 16. Nxc5 bxc5 17. Nb5 Qd8 18. exf5 gxf5 19. Qc2 h5 20. f4 h4 21. Be1 e4 22. Bc3 Bxb5 23. Bxg7 Kxg7 24. Qc3+ Qf6 25. cxb5 Qd4+ 26. Rf2 Nf6 27. Rd1 Qxc3 28. bxc3 Kf7 29. c4 Rg8 30. Re1 Rg7 31. Bd1 Rag8 32. Re3 Nd7 33. Rh3 Rh7 34. g3 Rgg7 35. Rc2 hxg3 36. Rxg3 Rh4 37. Rcg2 Rgh7 38. Rg5 Rxf4 39. Bh5+ Kf6 40. Rg6+ Ke5 41. Rg7 Rxh5 42. Rxd7 Rh3 43. Rxc7 Rb3 44. Rd2 Rg4+ 45. Kf1 e3 46. Re7+ Kf4 47. Re2 Kf3 48. Re1 f4 49. Rh7 Rb2 50. Rh3+ Ke4 51. Re2 Rxe2 52. Kxe2 f3+ 0-1

[Event "Quebec-ch classe"]
[Site "Quebec CAN"]
[Date "2002.11.22"]
[Round "1"]
[White "Boudreau, Daniel"]
[Black "Ivanov, Igor V"]
[Result "0-1"]
[WhiteElo "1987"]
[BlackElo "2535"]
[PlyCount "68"]
[GameId "2160767911378129"]
[EventDate "2002.11.22"]
[EventType "swiss"]
[EventRounds "5"]
[EventCountry "CAN"]
[SourceTitle "EXT 2022"]
[Source "ChessBase"]
[SourceDate "2021.10.06"]
[SourceVersion "1"]
[SourceVersionDate "2021.10.06"]
[SourceQuality "1"]

1. e4 c5 2. Nc3 Nc6 3. g3 g6 4. Bg2 Bg7 5. d3 Rb8 6. Be3 d6 7. Qd2 b5 8. Nge2 b4 9. Nd1 e5 10. O-O h5 11. h3 Nge7 12. c3 Ba6 13. f4 exf4 14. gxf4 f5 15. a3 bxc3 16. bxc3 Na5 17. Qc2 Qb6 18. Nf2 Qb3 19. Rfc1 O-O 20. e5 dxe5 21. Bxc5 Qxc2 22. Rxc2 Nb3 23. Bxe7 Nxa1 24. Rc1 Rfe8 25. Bb4 exf4 26. Nxf4 Bh6 27. Bd5+ Kh7 28. Rxa1 Bxf4 29. Kf1 Be3 30. c4 Bd4 31. Re1 Rxe1+ 32. Kxe1 Bb7 33. Bxb7 Rxb7 34. Nd1 g5 0-1

[Event "Quebec-ch classe"]
[Site "Quebec CAN"]
[Date "2002.11.23"]
[Round "2"]
[White "Ivanov, Igor V"]
[Black "Fortier, Marc-Andre"]
[Result "1/2-1/2"]
[WhiteElo "2535"]
[BlackElo "2225"]
[PlyCount "73"]
[GameId "2160767911378135"]
[EventDate "2002.11.22"]
[EventType "swiss"]
[EventRounds "5"]
[EventCountry "CAN"]
[SourceTitle "EXT 2022"]
[Source "ChessBase"]
[SourceDate "2021.10.06"]
[SourceVersion "1"]
[SourceVersionDate "2021.10.06"]
[SourceQuality "1"]

1. Nf3 c5 2. g3 Nc6 3. Bg2 g6 4. c4 Bg7 5. Nc3 f5 6. O-O Nf6 7. d4 cxd4 8. Nxd4 O-O 9. e3 Rb8 10. b3 a6 11. Bb2 e5 12. Nxc6 dxc6 13. Qxd8 Rxd8 14. Na4 Ne4 15. Rfd1 Rxd1+ 16. Rxd1 Be6 17. f3 b5 18. fxe4 bxa4 19. exf5 gxf5 20. Rd6 axb3 21. axb3 Kf7 22. Bxc6 Rxb3 23. Rd2 Bxc4 24. e4 Bh6 25. Rc2 Be3+ 26. Kg2 Rb6 27. Rxc4 Rxb2+ 28. Kf3 f4 29. Bd5+ Ke8 30. gxf4 Bxf4 31. h4 Rb6 32. Rc7 h6 33. Kg4 Kd8 34. Ra7 Kc8 35. Kf5 Kb8 36. Ra8+ Kc7 37. Bc4 1/2-1/2

[Event "Quebec-ch classe"]
[Site "Quebec CAN"]
[Date "2002.11.24"]
[Round "4"]
[White "Girard, Robin"]
[Black "Ivanov, Igor V"]
[Result "0-1"]
[WhiteElo "2227"]
[BlackElo "2535"]
[PlyCount "78"]
[GameId "2160767911378148"]
[EventDate "2002.11.22"]
[EventType "swiss"]
[EventRounds "5"]
[EventCountry "CAN"]
[SourceTitle "EXT 2022"]
[Source "ChessBase"]
[SourceDate "2021.10.06"]
[SourceVersion "1"]
[SourceVersionDate "2021.10.06"]
[SourceQuality "1"]

1. e4 g6 2. d4 Bg7 3. Nc3 d6 4. f4 c6 5. Nf3 d5 6. e5 Bg4 7. h3 Bxf3 8. Qxf3 e6 9. Be3 h5 10. Bd3 h4 11. O-O Ne7 12. Ne2 Nf5 13. Bf2 Bf8 14. b3 Ba3 15. Rab1 a5 16. c4 Na6 17. Rbd1 Bb4 18. Rc1 Ba3 19. Rcd1 Bb4 20. Rc1 Be7 21. Kh1 Kf8 22. c5 Nb4 23. Bb1 b5 24. cxb6 Qxb6 25. Rfd1 Kg7 26. Nc3 Rhc8 27. Na4 Qa7 28. Qc3 Qc7 29. Qe1 Rh8 30. Nc5 Na6 31. Nxa6 Rxa6 32. Bd3 Bb4 33. Qe2 Rb6 34. Bxf5 gxf5 35. Be1 Qe7 36. Rd3 Rh6 37. g4 hxg3 38. Rxg3+ Rg6 39. Qh5 Bxe1 0-1

[Event "Souvenir"]
[Site "Montreal CAN"]
[Date "2002.11.09"]
[Round "2"]
[White "Krayushkin, Victor"]
[Black "Ivanov, Igor V"]
[Result "0-1"]
[WhiteElo "2181"]
[BlackElo "2489"]
[PlyCount "66"]
[GameId "2160767911386556"]
[EventDate "2002.11.08"]
[EventType "swiss (rapid)"]
[EventRounds "5"]
[EventCountry "CAN"]
[SourceTitle "EXT 2009"]
[Source "ChessBase"]
[SourceDate "2008.11.26"]
[SourceVersion "1"]
[SourceVersionDate "2008.11.26"]
[SourceQuality "1"]

1. Nf3 d5 2. g3 c6 3. Bg2 Nf6 4. O-O Bg4 5. h3 Bxf3 6. Bxf3 e5 7. d3 Nbd7 8. Nd2 Bd6 9. e4 Qc7 10. a3 O-O 11. c4 dxc4 12. dxc4 a5 13. b3 Nc5 14. Qc2 Ne6 15. Bb2 Bc5 16. Rab1 Rfd8 17. Bg2 Bd4 18. Nf3 Bxb2 19. Rxb2 Nd4 20. Nxd4 Rxd4 21. Rd1 Rad8 22. Rxd4 Rxd4 23. c5 h5 24. Qe2 g6 25. Bf3 Qd7 26. Kg2 Rd3 27. Qc2 Qd4 28. Qc4 Nd7 29. Qxd4 exd4 30. Be2 Rc3 31. b4 d3 32. Bd1 Rxa3 33. Kf1 Ra1 0-1

[Event "Souvenir"]
[Site "Montreal CAN"]
[Date "2002.11.09"]
[Round "3"]
[White "Ivanov, Igor V"]
[Black "Schleifer, Michael"]
[Result "1-0"]
[WhiteElo "2489"]
[BlackElo "2371"]
[PlyCount "81"]
[GameId "2160767911386559"]
[EventDate "2002.11.08"]
[EventType "swiss (rapid)"]
[EventRounds "5"]
[EventCountry "CAN"]
[SourceTitle "EXT 2009"]
[Source "ChessBase"]
[SourceDate "2008.11.26"]
[SourceVersion "1"]
[SourceVersionDate "2008.11.26"]
[SourceQuality "1"]

1. d4 Nf6 2. c4 e6 3. Nf3 b6 4. g3 Ba6 5. Qa4 Be7 6. Nc3 Bb7 7. Bg2 O-O 8. Qc2 d5 9. cxd5 Nxd5 10. Nxd5 Bxd5 11. O-O Nd7 12. e4 Bb7 13. Rd1 c5 14. d5 exd5 15. exd5 Bf6 16. Bf4 Re8 17. Re1 Nf8 18. Rxe8 Qxe8 19. Re1 Qb5 20. Be5 Nd7 21. Qd2 Nxe5 22. Nxe5 Rd8 23. Nc6 Ra8 24. b3 h6 25. Qf4 Qd3 26. h4 Qc3 27. Re3 Qa1+ 28. Kh2 Qxa2 29. d6 Bxc6 30. Bxc6 Rf8 31. d7 Qd2 32. Kg2 a6 33. Qf3 Qd6 34. Qd5 Qxd5+ 35. Bxd5 g6 36. Bb7 c4 37. bxc4 a5 38. Bc6 Kg7 39. Re8 Bd8 40. Kf3 f5 41. Ke2 1-0

[Event "Lanaudiere"]
[Site "Mascouche CAN"]
[Date "2002.10.12"]
[Round "1"]
[White "Ivanov, Igor V"]
[Black "Dubois, Julien"]
[Result "1-0"]
[WhiteElo "2534"]
[BlackElo "1840"]
[PlyCount "87"]
[GameId "2160767911395072"]
[EventDate "2002.10.12"]
[EventType "swiss"]
[EventRounds "5"]
[EventCountry "CAN"]

1. d4 c5 2. d5 e5 3. e4 d6 4. Nc3 Be7 5. Nf3 Bg4 6. h3 Bh5 7. a4 Nf6 8. Be3 a6 9. g4 Bg6 10. Nd2 Nfd7 11. Nc4 Nb6 12. Nxb6 Qxb6 13. Rb1 Qb4 14. Qd3 Nd7 15. Qc4 O-O 16. f3 Bh4+ 17. Kd2 f6 18. Qxb4 cxb4 19. Na2 a5 20. Bb5 Be8 21. c3 bxc3+ 22. bxc3 Bg5 23. Bxd7 Bxe3+ 24. Kxe3 Bxd7 25. Rxb7 Bxa4 26. Rhb1 Rfc8 27. R1b6 Rd8 28. c4 Rac8 29. Kd3 Bd1 30. Nc3 Bxf3 31. Nb5 Bg2 32. Nxd6 Bxh3 33. Nxc8 Rxc8 34. Rc6 Rxc6 35. dxc6 Bxg4 36. c7 h5 37. Rb8+ Kf7 38. c8=Q Bxc8 39. Rxc8 h4 40. c5 g5 41. c6 Ke7 42. Rf8 Kd6 43. Rxf6+ Kc7 44. Kc4 1-0

[Event "Lanaudiere"]
[Site "Mascouche CAN"]
[Date "2002.10.13"]
[Round "3"]
[White "Ivanov, Igor V"]
[Black "Bolduc, Steve"]
[Result "1-0"]
[WhiteElo "2534"]
[BlackElo "2212"]
[PlyCount "57"]
[GameId "2160767911395076"]
[EventDate "2002.10.12"]
[EventType "swiss"]
[EventRounds "5"]
[EventCountry "CAN"]

1. c4 e6 2. Nf3 d5 3. g3 Nf6 4. Bg2 dxc4 5. Qa4+ Bd7 6. Qxc4 Bc6 7. O-O Bd6 8. Nc3 e5 9. e4 O-O 10. d4 Nbd7 11. Qb3 Nxe4 12. dxe5 Nxc3 13. Qxc3 Bc5 14. Bg5 Qe8 15. Rfe1 h6 16. Be3 Bxe3 17. Qxe3 Qe7 18. Rac1 Bxf3 19. Bxf3 c6 20. Bd1 a5 21. Rc4 Rfe8 22. Bc2 Nf8 23. Rg4 Kh8 24. Rh4 Rad8 25. Qc3 Rd5 26. e6 h5 27. Re5 Rxe5 28. Qxe5 fxe6 29. Qxh5+ 1-0

[Event "Lanaudiere"]
[Site "Mascouche CAN"]
[Date "2002.10.14"]
[Round "5"]
[White "Ivanov, Igor V"]
[Black "Schleifer, Michael"]
[Result "1/2-1/2"]
[WhiteElo "2534"]
[BlackElo "2364"]
[PlyCount "136"]
[GameId "2160767911395079"]
[EventDate "2002.10.12"]
[EventType "swiss"]
[EventRounds "5"]
[EventCountry "CAN"]

1. c4 e5 2. g3 d5 3. cxd5 Qxd5 4. Nf3 Nc6 5. Nc3 Qd8 6. Bg2 Nf6 7. O-O Be7 8. d3 h6 9. a3 O-O 10. b4 a6 11. Bb2 Re8 12. Rc1 Bf8 13. Na4 e4 14. dxe4 Qxd1 15. Rfxd1 Nxe4 16. Nd2 Bf5 17. Nb3 Rad8 18. f3 Nd6 19. e4 Bc8 20. Nac5 b6 21. Nxa6 Bxa6 22. Rxc6 Nc4 23. Rb1 Bb5 24. Rxc7 Bd6 25. Ra7 Bb8 26. Rb7 Ba4 27. Bd4 Bxb3 28. Rxb8 Rxb8 29. Rxb3 Red8 30. Be3 Rd1+ 31. Bf1 Ra8 32. Kf2 Nxe3 33. Rxe3 Ra1 34. h4 R8xa3 35. Rxa3 Rxa3 36. e5 Rb3 37. b5 Kf8 38. f4 f6 39. exf6 gxf6 40. Bc4 Rc3 41. Bd5 Ke7 42. g4 Kd6 43. Bc6 Kc5 44. g5 hxg5 45. fxg5 fxg5 46. hxg5 Kd6 47. g6 Ke7 48. Be4 Rb3 49. Bc6 Kf6 50. Be8 Rc3 51. Ke2 Rc8 52. Bf7 Rc5 53. Kd3 Rxb5 54. Kc4 Rg5 55. Kb4 Ke7 56. Kc4 Kd6 57. Be8 Ke7 58. Bf7 b5+ 59. Kd4 Kd6 60. Ke4 b4 61. Kd3 Rg3+ 62. Kc2 Kc5 63. Kb2 Kd4 64. Kc2 Kc5 65. Kb2 Kb5 66. Be8+ Ka5 67. Bf7 b3 68. Bxb3 Rxg6 1/2-1/2

[Event "CAN-op"]
[Site "Montreal CAN"]
[Date "2002.07.14"]
[Round "3"]
[White "Ivanov, Igor V"]
[Black "Lawson, Eric"]
[Result "1-0"]
[WhiteElo "2489"]
[BlackElo "2253"]
[PlyCount "55"]
[GameId "2160767911441256"]
[EventDate "2002.07.13"]
[EventType "swiss"]
[EventRounds "10"]
[EventCountry "CAN"]
[SourceTitle "CBM 089 Extra"]
[Source "ChessBase"]
[SourceDate "2002.09.10"]
[SourceVersion "2"]
[SourceVersionDate "2002.09.10"]
[SourceQuality "1"]

1. Nf3 Nf6 2. c4 e6 3. g3 b6 4. Bg2 Bb7 5. d4 Be7 6. Nc3 Ne4 7. Nxe4 Bxe4 8. Nh4 Bxg2 9. Nxg2 f5 10. O-O O-O 11. b3 Bf6 12. Bb2 Qe7 13. Qc2 d6 14. e4 fxe4 15. Qxe4 Nd7 16. Rae1 Rfe8 17. Nf4 Nf8 18. Nh5 c5 19. Nxf6+ Qxf6 20. f4 Rad8 21. Rf2 Qf7 22. Rfe2 d5 23. cxd5 cxd4 24. Qxd4 Qc7 25. Re5 Rd7 26. f5 Qb7 27. fxe6 Rc7 28. Rf5 1-0

[Event "CAN-op"]
[Site "Montreal CAN"]
[Date "2002.07.16"]
[Round "5"]
[White "Burnett, Ronald"]
[Black "Ivanov, Igor V"]
[Result "1-0"]
[WhiteElo "2404"]
[BlackElo "2489"]
[PlyCount "45"]
[GameId "2160767911441282"]
[EventDate "2002.07.13"]
[EventType "swiss"]
[EventRounds "10"]
[EventCountry "CAN"]
[SourceTitle "CBM 089 Extra"]
[Source "ChessBase"]
[SourceDate "2002.09.10"]
[SourceVersion "2"]
[SourceVersionDate "2002.09.10"]
[SourceQuality "1"]

1. e4 c5 2. Nf3 Nc6 3. Bb5 e6 4. c3 a6 5. Ba4 b5 6. Bc2 Bb7 7. O-O Rc8 8. Re1 Qc7 9. a4 b4 10. d4 bxc3 11. d5 cxb2 12. Bxb2 Nd4 13. Nbd2 Nxc2 14. Qxc2 c4 15. Rab1 Ba8 16. d6 Qc5 17. Bd4 Qxd6 18. Nxc4 Qc7 19. Qb2 Nf6 20. Nb6 Rb8 21. Nd5 Rxb2 22. Nxc7+ Kd8 23. Nxa8 1-0

[Event "Quebec op"]
[Site "Montreal CAN"]
[Date "1994.07.23"]
[Round "1"]
[White "Balogh, Alex"]
[Black "Ivanov, Igor V"]
[Result "0-1"]
[WhiteElo "1960"]
[BlackElo "2487"]
[PlyCount "74"]
[GameId "2160767912198105"]
[EventDate "1994.07.23"]
[EventType "swiss"]
[EventRounds "8"]
[EventCountry "CAN"]
[SourceTitle "EXT 94op"]

1. d4 Nf6 2. c4 g6 3. Nc3 Bg7 4. e4 d6 5. f3 O-O 6. Be3 e5 7. d5 Nh5 8. Qd2 f5 9. O-O-O f4 10. Bf2 Bf6 11. Nge2 Bh4 12. Bg1 Nd7 13. Kb1 a5 14. Nc1 Rf7 15. Nd3 b6 16. Be2 Qg5 17. Bf1 Nc5 18. Bxc5 bxc5 19. a4 Qd8 20. Nc1 Nf6 21. Nb5 Nd7 22. Ka2 Nb8 23. Ka3 Bd7 24. Nb3 Na6 25. Be2 Bf2 26. Na1 Be3 27. Qe1 Nb4 28. Bd3 Qb8 29. Nc2 Bxb5 30. axb5 Bd4 31. Qd2 Qb6 32. Ne1 a4 33. g4 fxg3 34. hxg3 c6 35. f4 cxb5 36. f5 bxc4 37. fxg6 Nc2+ 0-1

[Event "Quebec op"]
[Site "Montreal CAN"]
[Date "1994.07.24"]
[Round "2"]
[White "Ivanov, Igor V"]
[Black "Leriche, Felix"]
[Result "1-0"]
[WhiteElo "2487"]
[BlackElo "2105"]
[PlyCount "61"]
[GameId "2160767912198131"]
[EventDate "1994.07.23"]
[EventType "swiss"]
[EventRounds "8"]
[EventCountry "CAN"]
[SourceTitle "EXT 94op"]

1. d4 d5 2. c4 c6 3. Nc3 e6 4. Bf4 f5 5. g4 fxg4 6. e3 Nf6 7. h3 gxh3 8. Qc2 Bd6 9. Nxh3 Bxf4 10. Nxf4 Na6 11. O-O-O Bd7 12. cxd5 exd5 13. Bxa6 bxa6 14. Rdg1 Rg8 15. Rxh7 Qe7 16. Qg6+ Kf8 17. Qg5 Be8 18. Rxg7 Rxg7 19. Ne6+ Kf7 20. Nxg7 Bd7 21. Qg6+ Kf8 22. Nh5 Ng4 23. Rg3 Qf7 24. Qd6+ Qe7 25. Rf3+ Ke8 26. Qg6+ Kd8 27. Qg8+ Kc7 28. Qxa8 Nxf2 29. Qxa7+ Kd8 30. Qb8+ Bc8 31. Qb6+ 1-0

[Event "CAN-op"]
[Site "Winnipeg CAN"]
[Date "1994.07.09"]
[Round "1"]
[White "Ivanov, Igor V"]
[Black "Dravnieks, Ole"]
[Result "1-0"]
[WhiteElo "2529"]
[BlackElo "1770"]
[PlyCount "65"]
[GameId "2160767912202362"]
[EventDate "1994.07.09"]
[EventType "swiss"]
[EventRounds "10"]
[EventCountry "CAN"]
[SourceTitle "EXT 97"]
[Source "ChessBase"]
[SourceDate "1997.11.17"]
[SourceVersion "1"]
[SourceVersionDate "1997.11.17"]
[SourceQuality "1"]

1. e4 c5 2. Nf3 d6 3. d4 cxd4 4. Nxd4 Nf6 5. Nc3 e6 6. Be2 Be7 7. O-O O-O 8. f4 e5 9. Nb3 Qb6+ 10. Kh1 a6 11. a4 Rd8 12. a5 Qc7 13. Be3 Nbd7 14. g4 Nc5 15. g5 Nfxe4 16. Nd5 Qd7 17. Bf3 Bf8 18. Nxc5 Ng3+ 19. Kg1 dxc5 20. hxg3 exf4 21. gxf4 Re8 22. c4 Qh3 23. Ra3 Qg3+ 24. Bg2 Bh3 25. Rf2 Bg4 26. Qd2 Rad8 27. Bxc5 Qh4 28. Bxf8 Kxf8 29. Re3 Rxe3 30. Qxe3 Re8 31. Qa3+ Kg8 32. Ne7+ Kh8 33. Bxb7 1-0

[Event "CAN-op"]
[Site "Winnipeg CAN"]
[Date "1994.07.17"]
[Round "10"]
[White "Gardner, Robert"]
[Black "Ivanov, Igor V"]
[Result "0-1"]
[WhiteElo "2303"]
[BlackElo "2529"]
[PlyCount "108"]
[GameId "2160767912210744"]
[EventDate "1994.07.09"]
[EventType "swiss"]
[EventRounds "10"]
[EventCountry "CAN"]
[SourceTitle "EXT 97"]
[Source "ChessBase"]
[SourceDate "1997.11.17"]
[SourceVersion "1"]
[SourceVersionDate "1997.11.17"]
[SourceQuality "1"]

1. e4 c5 2. Nc3 Nc6 3. g3 g6 4. Bg2 Bg7 5. d3 Rb8 6. Be3 b5 7. Qd2 b4 8. Nd1 d6 9. Ne2 Nf6 10. h3 O-O 11. O-O e5 12. c3 bxc3 13. bxc3 Qa5 14. f4 exf4 15. gxf4 Nd7 16. Nf2 Nb6 17. Rab1 Ne7 18. Qc2 d5 19. Bd2 dxe4 20. Nxe4 c4 21. dxc4 Ba6 22. N2g3 Nxc4 23. Rxb8 Rxb8 24. Rb1 Rxb1+ 25. Qxb1 f5 26. Qb8+ Nc8 27. Bf1 Qxa2 28. Nc5 Bf8 29. Nxa6 Nxd2 30. Be2 Qa1+ 31. Kh2 Qxc3 32. Nc7 Nd6 33. Qxa7 N6e4 34. Nh1 Nf3+ 35. Bxf3 Qd2+ 36. Nf2 Qxf4+ 37. Kg1 Qxf3 38. Qa2+ Kh8 39. Qb2+ Qc3 40. Qxc3+ Nxc3 41. Ne6 Be7 42. Kg2 Kg8 43. Nd3 Kf7 44. Nd4 Kf6 45. Nf3 Bd6 46. Nb2 g5 47. Nd3 Nd5 48. Nd2 Nf4+ 49. Nxf4 Bxf4 50. Nc4 Bc1 51. Kf3 h5 52. Na5 g4+ 53. Kf2 Kg5 54. Nb3 Bb2 0-1